[Event "Corr"]
[Site "?"]
[Date "2002.05.08"]
[Round "?"]
[White "Griffith David O"]
[Black "Bubir Alex Nikolaevich"]
[Result "1/2-1/2"]
[WhiteElo "2191"]
[BlackElo "2377"]
[PlyCount "100"]
[EventDate "2002.??.??"]
[Source "www.chesslib.no"]
[SourceDate "2004.05.04"]

1. e4 c5 2. Nf3 d6 3. b4 cxb4 4. d4 Nf6 5. Bd3 e6 6. O-O Be7 7. Re1 Nc6 8. Bb2 d5 9. e5 Nd7 10. a3 Nb6 11. axb4 Nxb4 12. Bf1 Nc4 13. Bc1 b5 14. Na3 Qa5 15. Bd2 Qb6 16. Nxc4 bxc4 17. Rb1 Qa5 18. Rb2 Qa4 19. Qb1 Na6 20. Be2 Qd7 21. c3 Nc7 22. Bd1 a5 23. Bg5 O-O 24. Ra2 Bxg5 25. Nxg5 f5 26. exf6 gxf6 27. Nf3 Qd6 28. Bc2 Rf7 29. Qa1 Qa6 30. Qc1 Bd7 31. Qh6 Qc8 32. Rea1 Nb5 33. Qe3 Qc7 34. Ba4 Ra6 35. h3 Na7 36. Bxd7 Rxd7 37. Nh2 Rg7 38. Ng4 Rg6 39. f4 Kf8 40. Rf1 f5 41. Ne5 Rg7 42. Rb1 Nc8 43. Qf2 Nd6 44. Qh4 Kg8 45. Qh6 Qc8 46. Rab2 Ra8 47. Rb6 Ne8 48. Rxe6 Nc7 49. Rf6 a4 50. Qh5 a3 1/2-1/2

[Event "Guines"]
[Site "Guines"]
[Date "1994.??.??"]
[Round "11"]
[White "Perez Perez, Francisco J"]
[Black "Leyva, Hector"]
[Result "0-1"]
[WhiteElo "2260"]
[BlackElo "2300"]
[PlyCount "26"]
[EventDate "1994.??.??"]
[Source "www.chesslib.no"]
[SourceDate "2004.05.04"]

1. e4 c5 2. Nf3 d6 3. b4 cxb4 4. d4 Nf6 5. Nbd2 g6 6. a3 bxa3 7. Bxa3 Bg7 8. Bd3 O-O 9. O-O Nh5 10. Re1 Nc6 11. c3 Rb8 12. Qa4 a6 13. Nb3 b5 0-1

[Event "CZE Team Ch"]
[Site "Czech Republic"]
[Date "1993.??.??"]
[Round "?"]
[White "Seifert, Milan"]
[Black "Chmiel, Pavel"]
[Result "1/2-1/2"]
[WhiteElo "2275"]
[BlackElo "2280"]
[PlyCount "22"]
[EventDate "1993.??.??"]
[Source "www.chesslib.no"]
[SourceDate "2004.05.04"]

1. e4 c5 2. Nf3 d6 3. b4 cxb4 4. d4 g6 5. Bb2 Bg7 6. Bc4 Nf6 7. Nbd2 O-O 8. O-O Nc6 9. Re1 Nd7 10. a3 bxa3 11. Rxa3 Nb6 1/2-1/2

[Event "Soest op"]
[Site "?"]
[Date "2001.05.27"]
[Round "7.4"]
[White "Hoogendoorn Joost"]
[Black "Muis Gerrit Meine"]
[Result "1-0"]
[WhiteElo "2391"]
[BlackElo "2158"]
[PlyCount "61"]
[EventDate "2001.??.??"]
[Source "www.chesslib.no"]
[SourceDate "2004.05.04"]

1. e4 c5 2. Nf3 d6 3. b4 Nf6 4. bxc5 Nxe4 5. cxd6 e6 6. c3 Bd7 7. d4 Bxd6 8. Bd3 Nf6 9. O-O h6 10. c4 O-O 11. Nc3 Nc6 12. Rb1 b6 13. Qe2 Re8 14. Ne4 Nxe4 15. Bxe4 Rc8 16. Rd1 Qc7 17. Be3 Re7 18. Rbc1 Qb8 19. Bb1 f5 20. c5 bxc5 21. dxc5 Bc7 22. a3 e5 23. Rxd7 Rxd7 24. Bxf5 Rcd8 25. Qc4+ Kf8 26. Bxd7 Rxd7 27. Nh4 Qe8 28. g3 Bd8 29. Nf5 Qh5 30. Nd6 Be7 31. Qe6 1-0

[Event "Corr"]
[Site "?"]
[Date "2002.05.08"]
[Round "?"]
[White "Griffith David O"]
[Black "Fleurackers Norbert"]
[Result "1/2-1/2"]
[WhiteElo "2191"]
[BlackElo "2357"]
[PlyCount "82"]
[EventDate "2002.??.??"]
[Source "www.chesslib.no"]
[SourceDate "2004.05.04"]

1. e4 c5 2. Nf3 d6 3. b4 cxb4 4. d4 Nf6 5. Bd3 e6 6. O-O Be7 7. Re1 Nc6 8. Bb2 d5 9. e5 Nd7 10. a3 Nb6 11. axb4 Nxb4 12. Bf1 Nc4 13. Bxc4 dxc4 14. Na3 Qd5 15. Nd2 b5 16. Qg4 Bf8 17. Ne4 h5 18. Qg5 Bb7 19. f4 Bc6 20. f5 exf5 21. Nd6+ Bxd6 22. exd6+ Kf8 23. Re5 Qxd6 24. Qxf5 Qf6 25. Nxb5 Qxf5 26. Rxf5 Nxc2 27. Rxa7 Rxa7 28. Nxa7 Rh6 29. Rc5 Bb7 30. Rb5 Be4 31. d5 Ke8 32. Be5 f6 33. Bf4 g5 34. Rb8+ Kf7 35. d6 Bf5 36. Rb7+ Kf8 37. Bd2 Rh7 38. Rxh7 Bxh7 39. Nc8 Nd4 40. Bc3 Bf5 41. Bxd4 Bxc8 1/2-1/2

[Event "FIN Team Ch"]
[Site "Finland"]
[Date "1994.??.??"]
[Round "3"]
[White "Binham, Timothy F"]
[Black "Lahtinen, Markku"]
[Result "0-1"]
[WhiteElo "2330"]
[BlackElo "2215"]
[PlyCount "36"]
[EventDate "1994.??.??"]
[Source "www.chesslib.no"]
[SourceDate "2004.05.04"]

1. e4 c5 2. Nf3 d6 3. b4 cxb4 4. d4 Nf6 5. Bd3 Nc6 6. d5 Ne5 7. Nxe5 dxe5 8. Bb2 e6 9. Bxe5 exd5 10. exd5 Bc5 11. O-O O-O 12. c4 Ng4 13. Bg3 f5 14. Be2 f4 15. Bxg4 fxg3 16. hxg3 Qf6 17. Bxc8 Bxf2+ 18. Kh2 Raxc8 0-1

[Event "HUN-chT2 9394"]
[Site "HUN"]
[Date "1994.??.??"]
[Round "?"]
[White "Ezsol, Miklos"]
[Black "Kovacs, Elod"]
[Result "1/2-1/2"]
[WhiteElo "2285"]
[BlackElo "2240"]
[PlyCount "141"]
[EventDate "1993.??.??"]
[Source "www.chesslib.no"]
[SourceDate "2004.05.04"]

1. e4 c5 2. Nf3 d6 3. b4 cxb4 4. d4 Nf6 5. Bd3 g6 6. a3 bxa3 7. Nxa3 Bg7 8. h3 O-O 9. O-O Nc6 10. c3 Bd7 11. Bg5 a6 12. Qd2 b5 13. Nc2 Na5 14. Rfb1 Nc4 15. Qf4 Nb6 16. Qh4 Rc8 17. Rb3 Na4 18. Raa3 Be6 19. d5 Bd7 20. Be3 Be8 21. Nb4 Nc5 22. Rb1 a5 23. Bxc5 dxc5 24. Nc2 e6 25. Bxb5 exd5 26. exd5 Bxb5 27. Rxb5 Nxd5 28. Qxd8 Rfxd8 29. c4 Nb4 30. Ne3 Nc6 31. Nd5 Rb8 32. Rxc5 Bf8 33. Raxa5 Nxa5 34. Rxa5 Rb1+ 35. Kh2 Bd6+ 36. g3 Rc1 37. Ne3 Rc8 38. Rd5 Bc5 39. Nd4 Kf8 40. Kg2 Bb4 41. Kf3 Rc3 42. Kf4 Bc5 43. Ndc2 Be7 44. Rd4 Rd8 45. Rxd8+ Bxd8 46. Ke4 h5 47. Nb4 h4 48. g4 Rc1 49. Kf3 Bg5 50. Nbd5 Ke8 51. Kg2 Bxe3 52. Nxe3 Kd7 53. g5 Ke6 54. Kf3 Rg1 55. Kf4 f6 56. gxf6 g5+ 57. Ke4 Kxf6 58. c5 Ke6 59. f4 gxf4 60. Kxf4 Rg3 61. Nf5 Rxh3 62. Kg4 Rc3 63. Nxh4 Rxc5 64. Nf3 Rc4+ 65. Kg5 Re4 66. Nh2 Re3 67. Kf4 Ra3 68. Nf3 Kd5 69. Ng5 Ra4+ 70. Kf5 Ra7 71. Kf4 1/2-1/2

[Event "It (Open) Vienna AUT"]
[Site "?"]
[Date "2003.??.??"]
[Round "9"]
[White "Dueckstein Andreas"]
[Black "Spaan Nathanel"]
[Result "1-0"]
[WhiteElo "2330"]
[BlackElo "2195"]
[PlyCount "47"]
[EventDate "2003.??.??"]
[Source "www.chesslib.no"]
[SourceDate "2004.05.04"]

1. e4 c5 2. Nf3 d6 3. b4 cxb4 4. d4 Nf6 5. Bd3 g6 6. O-O Bg7 7. Re1 O-O 8. h3 Nc6 9. a3 Nd7 10. Bf1 e5 11. d5 Nd4 12. Nxd4 exd4 13. axb4 f5 14. exf5 Rxf5 15. Bb2 Qf6 16. Nd2 Rxf2 17. Ne4 Rxf1+ 18. Rxf1 Qe5 19. Qf3 Qxd5 20. Rae1 b6 21. Nf6+ Nxf6 22. Re8+ Bf8 23. Rxf8+ Kxf8 24. Qxd5 1-0

[Event "AUT-chT qual"]
[Site "Vienna"]
[Date "1997.??.??"]
[Round "1"]
[White "Vokroj, Rene"]
[Black "Laube, Bernhard"]
[Result "1/2-1/2"]
[WhiteElo "2245"]
[BlackElo "2275"]
[PlyCount "123"]
[EventDate "1997.??.??"]
[Source "www.chesslib.no"]
[SourceDate "2004.05.04"]

1. e4 c5 2. Nf3 d6 3. b4 cxb4 4. d4 Nf6 5. Bd3 e6 6. O-O Be7 7. a3 Nc6 8. Re1 d5 9. e5 Nd7 10. axb4 Nxb4 11. Bf1 O-O 12. Ba3 a6 13. Nbd2 Rb8 14. c3 Nc6 15. c4 b5 16. cxd5 exd5 17. e6 Nb6 18. Qc2 Nc4 19. Nxc4 bxc4 20. exf7+ Rxf7 21. Bxe7 Nxe7 22. Ng5 Rf5 23. h4 Ng6 24. g3 Rf6 25. Re5 Rb5 26. Rae1 Nf8 27. Re8 Bf5 28. Rxd8 Bxc2 29. Rxd5 Bd3 30. Rd8 h6 31. Ne4 Rfb6 32. Nd6 Rb1 33. Ree8 Bxf1 34. Rxf8+ Kh7 35. h5 Be2+ 36. Kg2 Bxh5 37. Nxc4 Rf6 38. Rxf6 gxf6 39. Rd6 Be2 40. Ne3 Kg7 41. Nd5 Rb3 42. Rd7+ Kf8 43. Nxf6 Bf3+ 44. Kh3 Rb6 45. Nd5 Rb5 46. Nf4 Rb1 47. g4 Rg1 48. Ne6+ Ke8 49. Rg7 a5 50. Nc5 Kf8 51. Ne6+ Ke8 52. Nc5 Kf8 53. Ra7 Bxg4+ 54. Kh4 Bf5 55. Rxa5 Rg4+ 56. Kh5 Rxd4 57. Kxh6 Rf4 58. Ra2 Rc4 59. Nb7 Rg4 60. f3 Rg3 61. Ra3 Ke7 62. Ra6 1/2-1/2

[Event "Nice ol (Men)"]
[Site "Nice FRA"]
[Date "1974.??.??"]
[Round "2"]
[White "Shirazi, Kamran G"]
[Black "Sanchez, Julio"]
[Result "0-1"]
[WhiteElo "2285"]
[BlackElo "2200"]
[PlyCount "92"]
[EventDate "1974.06.06"]
[Source "www.chesslib.no"]
[SourceDate "2004.05.04"]

1. e4 c5 2. Nf3 d6 3. b4 cxb4 4. d4 Nf6 5. Nbd2 e6 6. Bd3 Be7 7. Rb1 Nc6 8. Bb2 d5 9. e5 Nd7 10. h4 h6 11. Ng1 Nb6 12. Qg4 Bf8 13. Rh3 h5 14. Qf4 Ne7 15. a3 Nf5 16. axb4 Bxb4 17. Ba3 Bxa3 18. Bxf5 exf5 19. Rxa3 Be6 20. Rg3 g6 21. Nh3 Qe7 22. Ng5 Rc8 23. Nb3 Na4 24. Nxe6 Qxe6 25. Na5 b6 26. Nb7 O-O 27. Nd6 Nc3 28. Nxc8 Rxc8 29. Rb2 a5 30. Rd3 b5 31. Qc1 b4 32. Qa1 Qb6 33. Rb3 Qc7 34. f3 Kh7 35. Kd2 Qd8 36. g3 f4 37. Qe1 fxg3 38. Qxg3 Qc7 39. Qg1 Nb5 40. Qc1 Qe7 41. Qe1 a4 42. Rb2 Nc3 43. Qg3 Rc4 44. Qe1 a3 45. Rb3 a2 46. Ke3 Qxh4 0-1

[Event "N2 ORANGE - CEITOULOUSE"]
[Site "?"]
[Date "2002.11.16"]
[Round "2.3"]
[White "Damien Nicolas"]
[Black "Benmesbah Stephane"]
[Result "0-1"]
[WhiteElo "2253"]
[BlackElo "2232"]
[PlyCount "80"]
[EventDate "2002.??.??"]
[Source "www.chesslib.no"]
[SourceDate "2004.05.04"]

1. e4 c5 2. Nf3 d6 3. b4 Nf6 4. bxc5 Nxe4 5. cxd6 Nc6 6. Be2 e5 7. O-O Bxd6 8. d3 Nf6 9. Nbd2 O-O 10. Nc4 Bc7 11. Bg5 h6 12. Bh4 Bf5 13. Nfd2 Nd4 14. Bf3 Rb8 15. Re1 Re8 16. Nb3 g5 17. Nxd4 Qxd4 18. Bg3 Bg6 19. Ne3 Ba5 20. Rf1 h5 21. h3 b5 22. a4 Bc3 23. Ra2 b4 24. Bc6 Re6 25. Bb5 h4 26. Bh2 Bh5 27. Qc1 Nh7 28. Bc4 Rg6 29. Nd5 Re8 30. Qe3 g4 31. Nxc3 bxc3 32. Qxd4 exd4 33. hxg4 Bxg4 34. Kh1 h3 35. Bd5 Nf6 36. Bc6 Re2 37. Bb8 Nd7 38. Bxd7 Bxd7 39. g3 Bc6+ 40. Kg1 h2+ 0-1

[Event "HUN Team Ch"]
[Site "HUN"]
[Date "1993.??.??"]
[Round "?"]
[White "Kovacs, Laszlo M"]
[Black "Gemesi, Andras"]
[Result "1/2-1/2"]
[WhiteElo "2270"]
[BlackElo "2215"]
[PlyCount "109"]
[EventDate "1993.??.??"]
[Source "www.chesslib.no"]
[SourceDate "2004.05.04"]

1. e4 c5 2. Nf3 d6 3. b4 cxb4 4. d4 Nf6 5. Bd3 e6 6. a3 d5 7. e5 Ne4 8. O-O Nc6 9. Qe1 b6 10. axb4 Bxb4 11. c3 Be7 12. Bxe4 dxe4 13. Qxe4 Bb7 14. Qg4 Qd7 15. Be3 h5 16. Qf4 g5 17. Nxg5 Bxg5 18. Qxg5 Ne7 19. f3 O-O-O 20. Bf2 Bxf3 21. Bg3 Rdg8 22. Qd2 Bc6 23. d5 exd5 24. e6 fxe6 25. Qf4 Kb7 26. Rf2 h4 27. Rfa2 a5 28. Bf2 d4 29. Bxd4 Rf8 30. Qe5 Ng6 31. Qg7 e5 32. Qxd7+ Bxd7 33. Be3 Kc7 34. c4 Nf4 35. Nc3 Rhg8 36. Rb1 Rg6 37. Bxf4 exf4 38. Nd5+ Kb7 39. Rxa5 f3 40. Ra2 Bh3 41. Nxb6 Rxb6 42. Rxb6+ Kxb6 43. gxh3 Kc5 44. Kf2 Kxc4 45. Ra4+ Kd5 46. Rxh4 Ke5 47. Ra4 Rf4 48. Ra8 Ke6 49. Rg8 Kf7 50. Rg4 Rf5 51. h4 Kf6 52. h3 Kf7 53. Rg5 Kf6 54. Rxf5+ Kxf5 55. Kxf3 1/2-1/2

[Event "Corr"]
[Site "?"]
[Date "2000.10.01"]
[Round "?"]
[White "Prochazka Dalibor"]
[Black "Frost Lionel B"]
[Result "0-1"]
[WhiteElo "2259"]
[BlackElo "2184"]
[PlyCount "76"]
[EventDate "2000.??.??"]
[Source "www.chesslib.no"]
[SourceDate "2004.05.04"]

1. e4 c5 2. Nf3 d6 3. b4 cxb4 4. d4 Nf6 5. Bd3 Bg4 6. Nbd2 e6 7. a3 d5 8. e5 Nfd7 9. O-O Nc6 10. h3 Bh5 11. Nb3 a5 12. a4 Be7 13. g4 Bg6 14. Ne1 Bxd3 15. Nxd3 Qb8 16. f4 O-O 17. f5 b5 18. axb5 Qxb5 19. Be3 a4 20. Nd2 Qb6 21. Qf3 f6 22. fxe6 fxe5 23. Qxd5 Nf6 24. Qg2 exd4 25. Bg5 Ra7 26. Nc4 Qb5 27. Bxf6 Rxf6 28. Rxf6 gxf6 29. Nd2 Ne5 30. g5 fxg5 31. Nf2 Qe2 32. Qd5 Rc7 33. Rf1 Rxc2 34. Qb7 Ng6 35. Nde4 Qf3 36. Qb8+ Kg7 37. Qa7 a3 38. Qxd4+ Kg8 0-1

[Event "Wil"]
[Site "Wil"]
[Date "1997.??.??"]
[Round "?"]
[White "Kobler, Peter"]
[Black "Joksic, Sinisa"]
[Result "0-1"]
[WhiteElo "2065"]
[BlackElo "2345"]
[PlyCount "60"]
[EventDate "1997.08.04"]
[Source "www.chesslib.no"]
[SourceDate "2004.05.04"]

1. e4 c5 2. Nf3 d6 3. b4 Nd7 4. Bc4 e6 5. O-O a6 6. a4 Ngf6 7. bxc5 Nxc5 8. d3 Qc7 9. Re1 Be7 10. Nbd2 O-O 11. a5 Bd7 12. Nf1 Ncxe4 13. dxe4 Qxc4 14. e5 dxe5 15. Nxe5 Qc8 16. Bg5 Rd8 17. Qd2 Bc6 18. Qf4 Be8 19. c4 Qc5 20. Ng3 Nd7 21. Bxe7 Qxe7 22. Rab1 Nxe5 23. Qxe5 Rac8 24. Nf5 Qf8 25. Nh6+ gxh6 26. Re3 f6 27. Qxe6+ Kh8 28. h4 Bc6 29. Qf5 Re8 30. Rg3 Be4 0-1

[Event "ESP-ch"]
[Site "Barcelona"]
[Date "2000.08.18"]
[Round "1"]
[White "Esnaola Sansebastian, Ion"]
[Black "Torrecillas Martinez, Antonio"]
[Result "0-1"]
[WhiteElo "2029"]
[BlackElo "2379"]
[PlyCount "79"]
[EventDate "2000.08.18"]
[Source "ChessBase"]
[SourceDate "2000.09.14"]

1. e4 c5 2. Nf3 d6 3. b4 Nf6 4. bxc5 dxc5 5. e5 Nd5 6. Bb5+ Bd7 7. Bxd7+ Qxd7 8. O-O e6 9. Bb2 Nc6 10. Nc3 Be7 11. Nxd5 Qxd5 12. d3 O-O 13. c4 Qd7 14. Qe2 Rfd8 15. Rfd1 Qc7 16. Bc3 Rd7 17. Rd2 Rad8 18. Rad1 Qb6 19. Qe4 Qa6 20. Qe2 Qa4 21. g3 a6 22. d4 cxd4 23. Nxd4 Nxd4 24. Rxd4 Rxd4 25. Rxd4 Rxd4 26. Bxd4 b5 27. Ba7 bxc4 28. Bd4 h6 29. Qb2 Qb5 30. Qc2 Ba3 31. Ba1 a5 32. Bd4 Qd5 33. Ba1 Bc5 34. Qc3 Qd1+ 35. Kg2 Qe2 36. Qb2 Qe4+ 37. Kg1 Qe1+ 38. Kg2 Bxf2 39. Qxf2 Qxa1 40. Qc2 0-1

[Event "Bad Wiessee"]
[Site "?"]
[Date "2000.10.29"]
[Round "2"]
[White "Wuerdinger Alexander"]
[Black "Krueger Rainer"]
[Result "1/2-1/2"]
[WhiteElo "2099"]
[BlackElo "2285"]
[PlyCount "80"]
[EventDate "2000.??.??"]
[Source "www.chesslib.no"]
[SourceDate "2004.05.04"]

1. e4 c5 2. Nf3 d6 3. b4 Nf6 4. bxc5 Nxe4 5. cxd6 Qxd6 6. Bb5+ Bd7 7. Bxd7+ Nxd7 8. O-O O-O-O 9. d3 Qf6 10. c3 Nb6 11. Be3 Nd6 12. a4 Nf5 13. Bg5 Qd6 14. a5 Nc4 15. a6 b6 16. Nd4 Nxd4 17. cxd4 Qxd4 18. Qf3 Nd6 19. Qa8+ Kd7 20. Qxa7+ Ke8 21. Na3 g6 22. Be3 Qxd3 23. Qxb6 Bg7 24. Ra2 f5 25. a7 Kf7 26. Nc2 Nc4 27. Qb7 Nd6 28. Qc6 Qc4 29. Qxc4+ Nxc4 30. Bc5 Rc8 31. Ne3 Rxc5 32. Nxc4 Rxc4 33. a8=Q Rxa8 34. Rxa8 Bd4 35. Ra2 e5 36. g3 g5 37. h3 h5 38. Ra6 Rc3 39. Rb1 Rc7 40. Kg2 Kg7 1/2-1/2

[Event "It (open)"]
[Site "Olomouc (Czech Republic)"]
[Date "2007.08.02"]
[Round "1"]
[White "Nytrova A"]
[Black "Szoen Dariusz (POL)"]
[Result "0-1"]
[WhiteElo "1906"]
[BlackElo "2452"]
[PlyCount "64"]
[EventDate "2007.??.??"]
[Source "www.chesslib.no"]
[SourceDate "2004.05.04"]

1. e4 c5 2. Nf3 d6 3. b4 Nf6 4. bxc5 Nxe4 5. cxd6 Qxd6 6. d4 Nc6 7. Bd3 Qb4+ 8. Bd2 Nxd2 9. Qxd2 Qb2 10. c3 Qxd2+ 11. Nbxd2 g6 12. O-O Bg7 13. Rfe1 Bd7 14. Nc4 O-O 15. d5 Bxc3 16. dxc6 Bxc6 17. Rac1 Bxe1 18. Rxe1 Rfd8 19. Bc2 Rac8 20. Bb3 Bd5 21. Ncd2 Bxb3 22. Nxb3 Rc2 23. Ra1 Rxa2 24. Re1 e6 25. h3 a5 26. Rb1 b5 27. g3 b4 28. Nbd4 Rd5 29. Nc6 Kg7 30. Kg2 Rc5 31. Ncd4 e5 32. Nb3 Rcc2 0-1

[Event "Aragon-ch Absoluto"]
[Site "?"]
[Date "2001.??.??"]
[Round "7"]
[White "Gimeno Oteo Marco Antonio"]
[Black "Cantin Zaborras Valentin"]
[Result "1-0"]
[WhiteElo "2178"]
[BlackElo "2177"]
[PlyCount "57"]
[EventDate "2001.??.??"]
[Source "www.chesslib.no"]
[SourceDate "2004.05.04"]

1. e4 c5 2. Nf3 d6 3. b4 cxb4 4. d4 Nf6 5. Bd3 Bg4 6. h3 Bh5 7. Bb5+ Nbd7 8. e5 Bxf3 9. Qxf3 Qb6 10. Qd3 Nd5 11. Nd2 O-O-O 12. Nc4 Qc7 13. O-O e6 14. a3 dxe5 15. Bxd7+ Rxd7 16. Nxe5 Rd8 17. axb4 Nxb4 18. Qb3 Qxc2 19. Qxc2+ Nxc2 20. Rxa7 Rxd4 21. Ra8+ Kc7 22. Nxf7 Rg8 23. Ng5 Kd7 24. Nxh7 Ke7 25. Rc8 Nb4 26. Be3 Rd5 27. Rb1 Rb5 28. Rxf8 Rxf8 29. Nxf8 1-0

[Event "POL-chT2"]
[Site "?"]
[Date "2003.09.12"]
[Round "9"]
[White "Chalupnik Marcin"]
[Black "Krzesaj Robert"]
[Result "1/2-1/2"]
[WhiteElo "2223"]
[BlackElo "2131"]
[PlyCount "109"]
[EventDate "2003.??.??"]
[Source "www.chesslib.no"]
[SourceDate "2004.05.04"]

1. e4 c5 2. Nf3 d6 3. b4 Nf6 4. bxc5 Nxe4 5. cxd6 Nxd6 6. Bb2 Nd7 7. d4 Qa5+ 8. Nbd2 Nb6 9. Bd3 Nbc4 10. Bc1 Be6 11. O-O g6 12. Qe2 Rc8 13. Ng5 Qxg5 14. Nxc4 Qd5 15. Nxd6+ Qxd6 16. Bb5+ Bd7 17. Re1 Bg7 18. Bxd7+ Qxd7 19. Ba3 O-O 20. Qxe7 Qxe7 21. Bxe7 Bxd4 22. Rad1 Bc3 23. Re3 Rfe8 24. Rd7 Ba5 25. Rxb7 Rxc2 26. g3 Bb6 27. Rf3 Rxa2 28. Bb4 f5 29. Bc3 Ree2 30. Rg7+ Kf8 31. Rxh7 Bxf2+ 32. Kf1 Rec2 33. Rd3 Rc1+ 34. Kg2 Bd4+ 35. Bd2 Rcc2 36. Rxd4 Rxd2+ 37. Rxd2 Rxd2+ 38. Kf3 a5 39. Ra7 Rxh2 40. Rxa5 Kg7 41. Ra4 Kf6 42. g4 Kg5 43. gxf5 gxf5 44. Rb4 Rh3+ 45. Kf2 Ra3 46. Rc4 Rd3 47. Ra4 Kf6 48. Ra6+ Ke5 49. Ra5+ Kf4 50. Ra4+ Kg5 51. Rb4 Ra3 52. Rc4 f4 53. Rc8 Ra5 54. Kf3 Ra3+ 55. Kf2 1/2-1/2

[Event "Heves Fregatt 7th"]
[Site "?"]
[Date "2001.01.19"]
[Round "1"]
[White "Bodi Tamas"]
[Black "Toth Daniel"]
[Result "1-0"]
[WhiteElo "2202"]
[BlackElo "2128"]
[PlyCount "65"]
[EventDate "2001.??.??"]
[Source "www.chesslib.no"]
[SourceDate "2004.05.04"]

1. Nf3 d6 2. e4 c5 3. b4 cxb4 4. d4 e6 5. Bd3 Nf6 6. O-O Be7 7. a3 d5 8. e5 Nfd7 9. axb4 Nc6 10. c3 b6 11. Na3 O-O 12. Qe2 Bb7 13. h3 Rc8 14. Bd2 Qc7 15. Nb5 Qb8 16. Bg5 a6 17. Bxe7 Nxe7 18. Nd6 Rxc3 19. Bxh7+ Kh8 20. Ng5 g6 21. Qg4 Kg7 22. Qh4 Nf5 23. Nxf5+ exf5 24. Bg8 Nf6 25. exf6+ Kxf6 26. Nxf7+ Ke6 27. Rfe1+ Kd7 28. Qe7+ Kc6 29. Ne5+ Kb5 30. Reb1 Rxg8 31. Ra5+ bxa5 32. bxa5+ Kxa5 33. Qb4# 1-0

[Event "East Detroit, Mich."]
[Site "?"]
[Date "1988.07.16"]
[Round "3"]
[White "Moody David"]
[Black "Noren Kevin"]
[Result "0-1"]
[WhiteElo "2037"]
[BlackElo "2233"]
[PlyCount "38"]
[EventDate "1988.??.??"]
[Source "www.chesslib.no"]
[SourceDate "2004.05.04"]

1. e4 c5 2. Nf3 d6 3. b4 cxb4 4. a3 Nf6 5. Bd3 Nc6 6. Bb2 e5 7. Qe2 Be7 8. Bc4 O-O 9. Bb3 Bg4 10. h3 Bh5 11. g4 Bg6 12. d3 d5 13. g5 Nh5 14. Nxe5 Nxe5 15. Bxe5 dxe4 16. dxe4 Bxg5 17. Bd5 Re8 18. h4 Rxe5 19. hxg5 Nf4 0-1

[Event "Bayernliga 2002/03_R2"]
[Site "?"]
[Date "2002.11.17"]
[Round "2.2"]
[White "Kuhn Norbert"]
[Black "Schindler Viktor"]
[Result "0-1"]
[WhiteElo "2156"]
[BlackElo "2104"]
[PlyCount "68"]
[EventDate "2002.??.??"]
[Source "www.chesslib.no"]
[SourceDate "2004.05.04"]

1. e4 c5 2. Nf3 d6 3. b4 Nf6 4. bxc5 Nxe4 5. cxd6 exd6 6. Bb5+ Bd7 7. Qe2 Bxb5 8. Qxb5+ Nc6 9. O-O Be7 10. Re1 Nf6 11. Ba3 O-O 12. Nc3 Qd7 13. Rab1 Rab8 14. Nd5 Nxd5 15. Qxd5 Bf6 16. Qxd6 Qf5 17. Rxb7 Rbc8 18. Qd7 Qxd7 19. Rxd7 Rfd8 20. Rxd8+ Rxd8 21. Rb1 g5 22. h3 Rd5 23. Kf1 h5 24. d3 g4 25. hxg4 hxg4 26. Nd2 Rh5 27. Kg1 Be5 28. g3 f5 29. Rb5 Bc3 30. Ne4 Bg7 31. Nd6 Nd4 32. Rb8+ Kh7 33. Bb2 Nf3+ 34. Kf1 Rh1+ 0-1

[Event "Skopje op"]
[Site "Skopje"]
[Date "1998.12.17"]
[Round "6"]
[White "Brankovic, Dusan"]
[Black "Novakovic, Slavko"]
[Result "0-1"]
[WhiteElo "2155"]
[BlackElo "2090"]
[PlyCount "120"]
[EventDate "1998.12.??"]
[Source "www.chesslib.no"]
[SourceDate "2004.05.04"]

1. e4 c5 2. Nf3 d6 3. b4 Nf6 4. bxc5 Nxe4 5. cxd6 Nxd6 6. d4 g6 7. Bc4 Nxc4 8. O-O Bg7 9. c3 O-O 10. Qd3 Nd6 11. Nbd2 Nc6 12. Re1 Bf5 13. Qe3 Re8 14. h3 Rc8 15. g4 Bd7 16. Nf1 Nc4 17. Qe2 b5 18. Bg5 h6 19. Bh4 Qa5 20. Rac1 e6 21. Ne3 Nxe3 22. fxe3 Ne7 23. Ne5 Bxe5 24. dxe5 Nd5 25. e4 Nf4 26. Qf3 g5 27. Bg3 Ng6 28. Rf1 Rf8 29. Rc2 Rc4 30. Bf2 Bc6 31. Bd4 Qc7 32. a3 Qb7 33. Re2 a5 34. h4 Nxh4 35. Qf6 Ng6 36. Rh2 Qe7 37. Rxh6 Qxf6 38. exf6 Rxd4 39. cxd4 Bxe4 40. Rh5 b4 41. Rxg5 b3 42. Rf2 Bc2 43. Rb5 a4 44. Rh2 e5 45. dxe5 Rd8 46. Rh6 Nxe5 47. Kg2 Ng6 48. Kg3 Be4 49. Kf2 Bc6 50. Rb6 Be8 51. Ke3 Kf8 52. Rh2 Rc8 53. Kd3 Bd7 54. Rb4 Ke8 55. Re2+ Kd8 56. Rd4 Rc1 57. Rb4 Nf4+ 58. Rxf4 Bb5+ 59. Ke3 Bxe2 60. Rxa4 b2 0-1

[Event "Jezero Open"]
[Site "?"]
[Date "2003.08.20"]
[Round "7"]
[White "Dakic Dejan"]
[Black "Cerovic Danilo"]
[Result "1-0"]
[WhiteElo "2147"]
[BlackElo "2093"]
[PlyCount "46"]
[EventDate "2003.??.??"]
[Source "www.chesslib.no"]
[SourceDate "2004.05.04"]

1. e4 c5 2. Nf3 d6 3. b4 cxb4 4. d4 Nf6 5. Bd3 d5 6. Nbd2 dxe4 7. Nxe4 Nbd7 8. Ng3 e6 9. O-O Be7 10. Re1 O-O 11. Ne5 Nb6 12. a3 Nbd5 13. axb4 Bxb4 14. Bd2 Nc3 15. Qf3 Qxd4 16. Bh6 Ncd5 17. Rad1 Qh4 18. Bc1 Bxe1 19. Rxe1 Nb4 20. Ne4 Nxd3 21. cxd3 Nxe4 22. Rxe4 Qf6 23. Qxf6 gxf6 1-0

[Event "Lund"]
[Site "Lund"]
[Date "1998.??.??"]
[Round "4"]
[White "Sorenfors, Per"]
[Black "Bouaziz, Nejib"]
[Result "0-1"]
[WhiteElo "2010"]
[BlackElo "2140"]
[PlyCount "74"]
[EventDate "1998.??.??"]
[Source "www.chesslib.no"]
[SourceDate "2004.05.04"]

1. e4 c5 2. Nf3 d6 3. b4 b6 4. d4 cxb4 5. a3 Nf6 6. Bd3 bxa3 7. Qe2 e6 8. Nxa3 Be7 9. h4 Bb7 10. c4 Nbd7 11. Bb2 a6 12. Nb1 Qc7 13. Nbd2 e5 14. Rc1 O-O 15. h5 Rfe8 16. h6 g6 17. Rh3 Bf8 18. Ng5 Qd8 19. Bb1 a5 20. Ba2 exd4 21. Bxd4 d5 22. cxd5 Bxd5 23. Bxd5 Nxd5 24. Be3 Nxe3 25. Qxe3 Ne5 26. f4 Ng4 27. Qb3 Ra7 28. Rd3 Qf6 29. Rf3 Bxh6 30. Qa4 Rf8 31. Rc6 Qd8 32. Qb5 Rd7 33. Nc4 Rd1+ 34. Ke2 Rd4 35. e5 Bxg5 36. fxg5 Re4+ 37. Ne3 Qxg5 0-1

[Event "Budapest FS03 FM-A"]
[Site "Budapest"]
[Date "2002.??.??"]
[Round "11"]
[White "Zoltan, Andras"]
[Black "Balint, Laszlo"]
[Result "1-0"]
[WhiteElo "2135"]
[BlackElo "2000"]
[PlyCount "31"]
[EventDate "2002.03.02"]
[Source "ChessBase"]
[SourceDate "2002.05.03"]

1. e4 c5 2. Nf3 d6 3. b4 cxb4 4. a3 Nf6 5. Bb5+ Nc6 6. Qe2 Bd7 7. e5 dxe5 8. Nxe5 Nd4 9. Qc4 Ne6 10. Nxd7 Nxd7 11. axb4 a6 12. Qa2 Nc7 13. Be2 e6 14. O-O Nf6 15. c4 Bxb4 16. Qa4+ 1-0

[Event "C1995P.007 IECG email"]
[Site "C1995P.007 IECG email"]
[Date "1995.??.??"]
[Round "?"]
[White "Prochazka, Dalibor"]
[Black "Lee, Chi M"]
[Result "1-0"]
[WhiteElo "2300"]
[BlackElo "1820"]
[PlyCount "69"]
[EventDate "1995.??.??"]
[Source "www.chesslib.no"]
[SourceDate "2004.05.04"]

1. e4 c5 2. Nf3 d6 3. b4 Nf6 4. e5 dxe5 5. Nxe5 Qd4 6. Bb5+ Nbd7 7. Nc4 a6 8. Bxd7+ Bxd7 9. d3 cxb4 10. Bb2 Qh4 11. Nbd2 e6 12. Nf3 Qh6 13. Bc1 Qh5 14. O-O Be7 15. Bd2 Rd8 16. Qe1 b5 17. Nce5 a5 18. a3 O-O 19. axb4 axb4 20. Bxb4 Bxb4 21. Qxb4 Be8 22. Ra7 Nd5 23. Qa5 Rc8 24. c4 bxc4 25. dxc4 Nf4 26. Qa6 Rc5 27. Qd6 Rc8 28. g3 Nh3+ 29. Kg2 Ng5 30. Nxg5 Qxg5 31. Rd1 Qf5 32. Rd4 f6 33. Nd7 Bxd7 34. Qxd7 Rcd8 35. Qxg7# 1-0